| 000 | 00805nam a2200217 a 4500 | ||
|---|---|---|---|
| 001 | 000257680 | ||
| 003 | AM-YeHGA | ||
| 005 | 20250618075522.0 | ||
| 008 | 030903s1956 ai r 000 0 rus d | ||
| 040 | _aAM-YeHGA | ||
| 041 | 1 |
_arus _harm |
|
| 100 | 1 |
_aԱյվազյան, Սուրեն Բախշիի, _988 |
|
| 245 | 1 | 0 |
_aЗангезурские рассказы / _cС.Б. Айвазян ; Пер. с арм. М. Геворкян. |
| 260 |
_aЕреван : _bАрмгосиздат, _c1956. |
||
| 300 |
_a166 с. : _bпортр. ; _c18 см. |
||
| 650 | 1 | 4 | _aАрмянская литература |
| 650 | 1 | 4 |
_aХудожественная литература _94918 |
| 700 | 1 |
_aԳևորգյան, Մամիկոն Հարությունի, _eпер. _4trl _91637 |
|
| 942 |
_2udc _cBK |
||
| 090 | _c474858 | ||
| 999 |
_c471598 _d471598 |
||